| 000 | 00575nam a22001817a 4500 | ||
|---|---|---|---|
| 005 | 20251108164028.0 | ||
| 008 | 250721s1985 xx 000 0 ara d | ||
| 082 | 1 | 4 | _a320.956/بري |
| 100 | 1 | _aبريماكوف، افجيني | |
| 245 | 1 | 0 | _aالشرق بعد إنهيار النظام الإستعماري / |
| 264 | 1 |
_aموسكو : _bدار التقدم، _c1985. |
|
| 300 | _a203ص : جداول | ||
| 650 | 1 | 7 | _aالشرق الأوسط |
| 650 | 1 | 7 | _aالأحوال السياسية |
| 700 | 1 |
_aعماره، سامي _eترجمة |
|
| 942 |
_2ddc _cBK |
||
| 999 |
_c1838 _d1838 |
||